Pokémon - Les attaques de Koraidon - Statistiques

Statistiques générales
  • Ce quiz a été pris 13 fois
  • Le résultat moyen est 12 sur 16
Statistiques - réponses
Niveaux Types Noms des attaques % Correct
Niveau 84 Combat Close Combat
100%
Niveau 77 Dragon Colère
100%
Niveau 42 Dragon Draco-Griffe
100%
Niveau 49 Feu Lance-Flammes
100%
Départ Dragon Abattage
88%
Niveau 91 Feu Boutefeu
88%
Niveau 98 Normal Giga Impact
88%
Niveau 28 Combat Casse-Brique
75%
Niveau 7 Combat Éclate-Roc
75%
Niveau 35 Psy Hâte
75%
Niveau 21 Combat Vampi-Poing
75%
Départ Feu Zénith
75%
Niveau 14 Roche Pouvoir Antique
63%
Niveau 56 Combat Nitro Crash
50%
Niveau 70 Combat Riposte
50%
Niveau 63 Normal Grincement
25%
Aucun quiz correspondant
Distribution des résultats
% des personnes avec chaque résultat
Percentile par nombre de réponses
Votre historique - résultats
Vous n’avez pas pris ce quiz